| 000 | 00600cam a2200229 a 4500 | ||
|---|---|---|---|
| 001 | 3804720 | ||
| 005 | 20180124081150.0 | ||
| 008 | 850411s1986 nyu b 001 0 eng | ||
| 010 | _a 85009650 | ||
| 020 | _a0231061102 (alk. paper) | ||
| 040 |
_aDLC _cDLC _dDLC |
||
| 041 | _aeng | ||
| 043 | _an-us--- | ||
| 080 | _a646.78 SMI | ||
| 082 | 0 | 0 |
_a646.78 SMI _219 |
| 100 | 1 | _a50 | |
| 101 | _aSOC | ||
| 245 | 1 | 0 |
_aRole-sharing marriage / _cAudrey D. Smith and William J. Reid. |
| 504 | _aBibliography: p. [201]-208. | ||
| 906 |
_a7 _bcbc _corignew _d1 _eocip _f19 _gy-gencatlg |
||
| 942 |
_2ddc _cBK |
||
| 999 |
_c40874 _d40874 |
||